<?xml version="1.0" encoding="UTF-8"?>
<record
    xmlns:xsi="http://www.w3.org/2001/XMLSchema-instance"
    xsi:schemaLocation="http://www.loc.gov/MARC21/slim http://www.loc.gov/standards/marcxml/schema/MARC21slim.xsd"
    xmlns="http://www.loc.gov/MARC21/slim">

  <leader>05248nam a22003977i 4500</leader>
  <controlfield tag="001">B-12086</controlfield>
  <controlfield tag="003">CO-BoFNCP</controlfield>
  <controlfield tag="007">t|| </controlfield>
  <controlfield tag="008">090804s2009    ck     r           spa d </controlfield>
  <datafield tag="040" ind1=" " ind2=" ">
    <subfield code="a">CO-BoFNCP</subfield>
    <subfield code="b">spa</subfield>
    <subfield code="c">CO-BoFNCP</subfield>
    <subfield code="e">rda</subfield>
  </datafield>
  <datafield tag="041" ind1=" " ind2=" ">
    <subfield code="a">spa</subfield>
  </datafield>
  <datafield tag="043" ind1=" " ind2=" ">
    <subfield code="a">ck</subfield>
  </datafield>
  <datafield tag="084" ind1=" " ind2=" ">
    <subfield code="a">A-</subfield>
  </datafield>
  <datafield tag="100" ind1="1" ind2=" ">
    <subfield code="a">Hurtado C., Rafael E.</subfield>
    <subfield code="9">41867,</subfield>
    <subfield code="e">autor.</subfield>
    <subfield code="4">aut</subfield>
  </datafield>
  <datafield tag="245" ind1="1" ind2="0">
    <subfield code="a">Cat&#xE1;logo de objetos para la agroindustria de la palma de aceite.</subfield>
  </datafield>
  <datafield tag="246" ind1="2" ind2=" ">
    <subfield code="a">Catalogues of objects for the oil palm agro-industry</subfield>
  </datafield>
  <datafield tag="264" ind1=" " ind2="4">
    <subfield code="c">&#xA9;2009</subfield>
  </datafield>
  <datafield tag="300" ind1=" " ind2=" ">
    <subfield code="a">p&#xE1;ginas 11-28 :</subfield>
    <subfield code="b">Tablas, gr&#xE1;ficos.</subfield>
  </datafield>
  <datafield tag="336" ind1=" " ind2=" ">
    <subfield code="a">texto</subfield>
    <subfield code="b">txt</subfield>
    <subfield code="2">rdacontent</subfield>
  </datafield>
  <datafield tag="337" ind1=" " ind2=" ">
    <subfield code="a">sin mediaci&#xF3;n</subfield>
    <subfield code="b">n</subfield>
    <subfield code="2">rdamedia</subfield>
  </datafield>
  <datafield tag="338" ind1=" " ind2=" ">
    <subfield code="a">volumen</subfield>
    <subfield code="b">nc</subfield>
    <subfield code="2">rdacarrier</subfield>
  </datafield>
  <datafield tag="500" ind1=" " ind2=" ">
    <subfield code="a">Contiene resumen en espa&#xF1;ol e ingl&#xE9;s.</subfield>
  </datafield>
  <datafield tag="504" ind1=" " ind2=" ">
    <subfield code="a">Incluye referencias bibliogr&#xE1;ficas.</subfield>
  </datafield>
  <datafield tag="520" ind1=" " ind2=" ">
    <subfield code="a">El cat&#xE1;logo de objetos para el sector palmero est&#xE1; orientado a estructurar y estandarizar la informaci&#xF3;n geogr&#xE1;fica de la agroindustria de palma de aceite, con el fin de brindar una herramienta &#xFA;til para la comunicaci&#xF3;n entre sus productores y usuarios. La estructura del cat&#xE1;logo clasifica los objetos geogr&#xE1;ficos principalmente utilizados en la administraci&#xF3;n del manejo agron&#xF3;mico de un cultivo de palma de aceite, identifica su importancia, define sus relaciones y atributos, y describe elementos geogr&#xE1;ficos que son de inter&#xE9;s general para una plantaci&#xF3;n. Ello permite orientar a los productores en la adopci&#xF3;n de un est&#xE1;ndar que considera las particularidades y singularidades del sector palmero Colombiano. El cat&#xE1;logo de objetos presenta las caracter&#xED;sticas propias de los elementos geogr&#xE1;ficos a escala 1:2.000, agrupa las ocurrencias de un tipo de objeto seg&#xFA;n su naturaleza, e identifica atributos inherentes al objeto como lo es el tipo de geometr&#xED;a espacial (la representaci&#xF3;n geom&#xE9;trica de un tipo de objeto var&#xED;a seg&#xFA;n la escala de representaci&#xF3;n). Sin embargo, no se explica la representaci&#xF3;n espacial de instancias del objeto geogr&#xE1;fico con fines cartogr&#xE1;ficos. La representaci&#xF3;n espacial de estos elementos se encuentra consignada en el cat&#xE1;logo de s&#xED;mbolos cartogr&#xE1;ficos para la agroindustria de palma de aceite en Colombia a escala 1:2.000, un importante insumo que permite representar la realidad de una plantaci&#xF3;n en papel o a trav&#xE9;s de la pantalla del computador, es decir, realizar una abstracci&#xF3;n de la realidad. Al estandarizar la informaci&#xF3;n se optimizan actividades de flujo de informaci&#xF3;n, se mejora la administraci&#xF3;n y el manejo agron&#xF3;mico dentro de la plantaci&#xF3;n y se reducen costos. Tambi&#xE9;n se evita con ello la duplicaci&#xF3;n de esfuerzos, y se favorece la toma de decisiones para el manejo de recursos. Por otra parte, contribuye al desarrollo del sector palmero, ya que brinda un mejor entendimiento del entorno geogr&#xE1;fico del pa&#xED;s, de manera que se puedan aprovechar sus cualidades y recursos. Este art&#xED;culo forma parte de los compromisos del protocolo que para tal fin busc&#xF3; desarrollar y estructurar el cat&#xE1;logo de objetos y el cat&#xE1;logo de s&#xED;mbolos, dentro del Programa de Agricultura de Precisi&#xF3;n (ap) de Cenipalma. Su conceptualizaci&#xF3;n, desarrollo tecnol&#xF3;gico, manejo y estandarizaci&#xF3;n de la informaci&#xF3;n alfanum&#xE9;rica y geogr&#xE1;fica asociada al sistema productivo de la palma de aceite, se encuentran inmersos en los conceptos de AP.</subfield>
  </datafield>
  <datafield tag="520" ind1=" " ind2=" ">
    <subfield code="a">The Catalog of objects for the oil palm sector is oriented to the structure of the geographic information of oil palm agro-industry, standardize this information in order to provide a useful tool for communication between producers and users of geographic information. The structure of the Catalog of objects classified mainly geographical objects used in the management of agricultural crops of oil palm, identifying its importance, defining attributes and their relations, aiming to describe geographic features that are of general interest to a plantation, and to guide producers of geographic information in the adoption of a standard that considers the specificities of the oil palm sector. The Catalog of objects sets the characteristics of the geographic objects to scale 1:2000, grouping occurrences of a type of object according to its nature, identifying attributes associated with the object as it is the type of geometry (geometric representation of a type object varies with the scale of representation). By standardizing the information activities is optimized information flow, allowing the exchange to generate a greater understanding of the context of palm oil, contributing to improved management and agronomic management within of the plantation and cutting costs to avoid raising unnecessary information. These benefits help to prevent duplication of efforts, helping to make the right decisions for resource management.</subfield>
  </datafield>
  <datafield tag="650" ind1=" " ind2="0">
    <subfield code="a">Agricultura de precisi&#xF3;n.</subfield>
    <subfield code="9">809</subfield>
  </datafield>
  <datafield tag="650" ind1=" " ind2="0">
    <subfield code="a">Norma T&#xE9;cnica Colombiana</subfield>
    <subfield code="9">34094.</subfield>
  </datafield>
  <datafield tag="650" ind1=" " ind2="0">
    <subfield code="a">Sistemas de informaci&#xF3;n geogr&#xE1;fica.</subfield>
    <subfield code="9">24845</subfield>
  </datafield>
  <datafield tag="650" ind1=" " ind2="0">
    <subfield code="a">Palma de aceite</subfield>
    <subfield code="9">37678.</subfield>
  </datafield>
  <datafield tag="700" ind1="1" ind2=" ">
    <subfield code="a">Araque T., Leonardo</subfield>
    <subfield code="9">41868.</subfield>
  </datafield>
  <datafield tag="700" ind1="1" ind2=" ">
    <subfield code="a">Montealegre M., Fabio</subfield>
    <subfield code="9">41869.</subfield>
  </datafield>
  <datafield tag="700" ind1="1" ind2=" ">
    <subfield code="a">Rinc&#xF3;n R., Victor</subfield>
    <subfield code="9">36942.</subfield>
  </datafield>
  <datafield tag="773" ind1="0" ind2=" ">
    <subfield code="a">Palmas (Colombia)</subfield>
    <subfield code="g">v. 30, no. 1 (2009), p.11-28</subfield>
    <subfield code="w">A-</subfield>
    <subfield code="x">0121-2923</subfield>
  </datafield>
  <datafield tag="942" ind1=" " ind2=" ">
    <subfield code="2">z</subfield>
    <subfield code="c">1</subfield>
  </datafield>
  <datafield tag="952" ind1=" " ind2=" ">
    <subfield code="0">0</subfield>
    <subfield code="1">0</subfield>
    <subfield code="2">z</subfield>
    <subfield code="4">0</subfield>
    <subfield code="7">0</subfield>
    <subfield code="a">2</subfield>
    <subfield code="b">2</subfield>
    <subfield code="d">2013-10-21</subfield>
    <subfield code="l">0</subfield>
    <subfield code="o">A-</subfield>
    <subfield code="p">R-12086</subfield>
    <subfield code="r">2013-10-21 00:00:00</subfield>
    <subfield code="t">Ej. 1</subfield>
    <subfield code="w">2013-10-21</subfield>
    <subfield code="y">1</subfield>
  </datafield>
  <datafield tag="999" ind1=" " ind2=" ">
    <subfield code="c">26549</subfield>
    <subfield code="d">26549</subfield>
  </datafield>
</record>
